Balance preliminar de las economías de América Latina y el Caribe. 2022.

Gespeichert in:
Bibliographische Detailangaben
Körperschaft: Naciones Unidas; Comisión Económica para América Latina y el Caribe (autor)
Format: Buch
Veröffentlicht: Santiago, Chile: Naciones Unidas, 2023.
Schlagworte:
Online-Zugang:Disponible Online - Cepal
Tags: Tag hinzufügen
Keine Tags, Fügen Sie den ersten Tag hinzu!

MARC

LEADER 00000cam a2200000 a 4500
001 UCC7202
003 CL-VaPUC
005 20230529162807.0
008 220823t2023 ||||| |||| 00| 0 eng d
999 |c 440936  |d 440934 
020 |a 978-92-1-122098-8 
040 |c Pontificia Universidad Católica de Valparaíso 
082 0 4 |a 330.98 NAC 2023  |2 21 
110 2 |a Naciones Unidas;  |e autor  |9 601742  |b Comisión Económica para América Latina y el Caribe 
245 1 0 |a Balance preliminar de las economías de América Latina y el Caribe.  |b 2022. 
260 |a Santiago, Chile:  |b Naciones Unidas,   |c 2023. 
300 |a 177 páginas. 
500 |a C.1 Donación CEPAL 18-5-23. 
583 |a last modification  |c 20190308 12:55:00  |k Catalogador Asistente 
650 0 |a Desarrollo económico y social   |9 256320  |z America latina y el Caribe 
856 |u https://repositorio.cepal.org/bitstream/handle/11362/48574/4/S2201296_es.pdf  |y Disponible Online - Cepal 
942 |c BK  |2 ddc 
952 |0 0  |1 0  |2 ddc  |4 0  |6 330_980000000000000_NAC_2023  |7 0  |8 A  |9 590138  |a BIBENE  |b BIBENE  |d 2023-05-23  |e Donación  |i 5657498  |o 330.98 NAC 2023  |p 5657498  |r 2025-01-15  |t 1  |w 2023-05-23  |y BK  |k ICO